00422nam a2200169Ia 4500008004100000020001800041245002200059245005500081260001500136260001600151260000900167300001400176300002500190300001000215500000800225999001900233170705s9999 xx 000 0 und d a9780545169103 aThis way, Ruby! / cby Jonathan Emmett ; illustrated by Rebecca Harry. aNew York : bScholastic, c2010 aunpaged : bcolor illustration ; c25cm. a640 c337236d337236